| 000 | 00706cam a22002172 4500 | ||
|---|---|---|---|
| 001 | 0000018579 | ||
| 005 | 20151021151127.0 | ||
| 008 | 100211s xx 000 0 eng d | ||
| 020 | _a0751763676 : | ||
| 040 |
_aKABU _cKABU |
||
| 050 | 0 |
_aHF5657.4 _b.A87 2009 |
|
| 110 | 2 |
_aAssociation of Chartered Certified Accountants. _@0000150503 |
|
| 245 | 1 | 0 |
_aPerformance management. : _bACCA paper F5 study text / _cACCA. |
| 250 | _a3rd ed. | ||
| 260 |
_aLondon : _bBPP Learning Media, _c2009. |
||
| 300 | _ax, 392 p. | ||
| 650 | 0 |
_aManagerial accounting _xExaminations, questions, etc. _@0000151798 |
|
| 852 | 1 | _9p1650 KES | |
| 908 | _a100211 | ||
| 950 | _@1 | ||
| 999 |
_c955 _d955 |
||